[Event "Verona Province-ch"]
[Site "Zevio Verona"]
[Date "2014.01.18"]
[Round "1"]
[White "Antolini, Aldo"]
[Black "Guerra, Alessandro"]
[Result "0-1"]
[WhiteElo "1737"]
[BlackElo "2190"]
[PlyCount "68"]
[EventDate "2014.01.18"]
[EventType "swiss"]
[EventRounds "6"]
[EventCountry "ITA"]
[SourceTitle "EXT 2015"]
[Source "ChessBase"]
[SourceDate "2014.11.20"]
[SourceVersion "1"]
[SourceVersionDate "2014.11.20"]
[SourceQuality "1"]

1. d4 Nf6 2. c4 d6 3. Nf3 Bg4 4. e3 Nbd7 5. Be2 e5 6. Nc3 Be7 7. h3 Bh5 8. 0-0 0-0 9. Re1 Re8 10. b3 c6 11. Bb2 Bf8 12. Nd2 Bg6 13. Nf1 h5 14. d5 h4 15. dxc6 bxc6 16. Nh2 e4 17. Ng4 Nxg4 18. Bxg4 Ne5 19. Na4 Nd3 20. Rf1 Nxb2 21. Nxb2 Be7 22. Rb1 Bf6 23. Bh5 Bh7 24. Qd2 Be5 25. Bg4 Rf8 26. Rbc1 f5 27. Be2 f4 28. c5 d5 29. Bg4 Qg5 30. Nd1 fxe3 31. Nxe3 Qf4 32. g3 hxg3 33. fxg3 Qxg3+ 34. Ng2 Qh2# 0-1